INTRODUCTION TO AGRICULTURAL ECONOMICS (Record no. 291034)

MARC details
000 -LEADER
fixed length control field 00428pam a2200157a 44500
008 - FIXED-LENGTH DATA ELEMENTS--GENERAL INFORMATION
fixed length control field 230405s2017 xxu||||| |||| 00| 0 eng d
041 ## - LANGUAGE CODE
Language code of text/sound track or separate title ENG
100 ## - MAIN ENTRY--PERSONAL NAME
Personal name NAIN SATBIR SING
245 ## - TITLE STATEMENT
Title INTRODUCTION TO AGRICULTURAL ECONOMICS
250 ## - EDITION STATEMENT
Edition statement 1ST ED. Ed.
260 ## - PUBLICATION, DISTRIBUTION, ETC.
Place of publication, distribution, etc. NEW DELHI
Name of publisher, distributor, etc. CBS PUB
Date of publication, distribution, etc. 2017
300 ## - PHYSICAL DESCRIPTION
Extent 160p.
440 ## - SERIES STATEMENT/ADDED ENTRY--TITLE
Title BHARATI GRAHAK BHANDAR, BILL NO. 4424, DT-16/08/2018
700 ## - ADDED ENTRY--PERSONAL NAME
Personal name MEHALA VINAY
906 ## - LOCAL DATA ELEMENT F, LDF (RLIN)
a 2156
Holdings
Withdrawn status Lost status Damaged status Not for loan Collection Home library Current library Shelving location Date acquired Total Checkouts Barcode Date last seen Price effective from Koha item type Date last checked out
          Loknete Mohanrao Kadam College of Agriculture, Kadegaon, Sangli Loknete Mohanrao Kadam College of Agriculture, Kadegaon, Sangli   03/08/2020   AGK-5868 17/04/2023 17/04/2023 Book  
          Loknete Mohanrao Kadam College of Agriculture, Kadegaon, Sangli Loknete Mohanrao Kadam College of Agriculture, Kadegaon, Sangli   03/08/2020   AGK-5867 17/04/2023 17/04/2023 Book  
          Loknete Mohanrao Kadam College of Agriculture, Kadegaon, Sangli Loknete Mohanrao Kadam College of Agriculture, Kadegaon, Sangli   03/08/2020 2 AGK-5866 26/12/2025 17/04/2023 Book 23/12/2025
          Loknete Mohanrao Kadam College of Agriculture, Kadegaon, Sangli Loknete Mohanrao Kadam College of Agriculture, Kadegaon, Sangli   03/08/2020   AGK-5865 17/04/2023 17/04/2023 Book  
          Loknete Mohanrao Kadam College of Agriculture, Kadegaon, Sangli Loknete Mohanrao Kadam College of Agriculture, Kadegaon, Sangli   03/08/2020   AGK-5864 17/04/2023 17/04/2023 Book